20 häufigste Adjektive (in Romanen) - Statistiken

Allgemein
  • Dieses Quiz wurde 20 mal gespielt
  • Das Durchschnittsergebnis liegt bei 6 aus 20
Antwortstatistiken
Rang Wort % Korrekt
9. lang
63%
3. gross
58%
5. gut
58%
2. klein
58%
6. alt
42%
20. lieb
42%
10. neu
37%
12. viel
37%
13. jung
32%
11. weit
32%
4. erst...
21%
7. ganz
21%
8. letzt...
16%
15. nah(e)
16%
18. spät
11%
1. ander…
5%
16. gerade
5%
17. eigen...
0%
14. einig
0%
19. einzig
0%
Keine übereinstimmenden Quizze gefunden
Verteilung der Resultate
Anzahl Personen mit jedem Resultat
Perzentil nach korrekt beantworteten Fragen
Ihre Resultats-Entwicklung
Sie haben dieses Quiz noch nicht gespielt